| 000 | 00588nai a2200181Ia 4500 | ||
|---|---|---|---|
| 003 | IN-BaIIA | ||
| 008 | 211028c9999 xx s 000 0 eng d | ||
| 022 | _a0022-3751 (Print) | ||
| 022 | _a1469-7793 (Online) | ||
| 040 | _cIIA Library | ||
| 245 | 4 |
_aThe Journal Of Physiology _h[eJournal] |
|
| 260 |
_aNew Jersey _bJohn Wiley & Sons |
||
| 310 | _aSemi-monthly | ||
| 362 | _a1(1); 1878 - Present | ||
| 521 | _bSubscribed through National Knowledge Resource Consortium (NKRC) | ||
| 856 |
_uhttps://onlinelibrary.wiley.com/journal/14697793 _yClick Here to Access eJournal |
||
| 942 | _cEJ | ||
| 999 |
_c35791 _d35791 |
||